000 00248 a2200109 4500
001 147008
040 _cEscola São Tomás de Aquino
240 1 0 _aO ciclo do leite
_lpor
245 1 0 _aO ciclo do leite
697 _a*LITERATURA INFANTIL
942 _cBK
999 _c147008
_d147008